Lwów - quiz wielokrotnego wyboru - Statystyki

Ogólne statystyki
  • Ten quiz został rozwiązany 696 razy
  • Średni wynik to 6 z 10
Statystyki odpowiedzi
Zagadnienie Odpowiedź % Poprawnych
Co znajduje się na Cmentarzu Łyczakowskim? Cmentarz Orląt Lwowskich
86%
Który z podanych herbów należy do Lwowa?
65%
Który król Polski nadał Lwowowi prawa miejskie? Kazimierz Wielki
64%
W którym roku założono Lwów? 1256
61%
Który znany poeta zmarł we Lwowie? Aleksander Fredro
61%
Kto był założycielem Lwowa? Daniel Halicki
61%
Do którego państwa należał Lwów w latach 1772–1918? Do Austro-Węgier
59%
Jak nazywa się słynna polska uczelnia techniczna, która powstała we Lwowie? Politechnika Lwowska
54%
Które dzieło Stanisława Lema opowiada o jego dzieciństwie we Lwowie? Wysoki Zamek
44%
Jaka rzeka przepływa przez Lwów? Pełtew
38%
Nie znaleziono quizów pasujących do podanych kryteriów
Rozkład punktacji
Procent ludzi z każdym wynikiem
Percentyl według liczby udzielonych odpowiedzi
Twoja historia wyników
Nie rozwiązałeś tego quizu